Michelson and the speed of light / (Record no. 9058)
[ view plain ]
| 000 -LEADER | |
|---|---|
| fixed length control field | 00482cam a2200193ua 4500 |
| 041 ## - LANGUAGE CODE | |
| Language code of text/sound track or separate title | eng |
| 082 ## - DEWEY DECIMAL CLASSIFICATION NUMBER | |
| Classification number | 535.24 |
| Item number | JAF/MI |
| 100 ## - MAIN ENTRY--AUTHOR NAME | |
| Personal name | Jaffi, Bernard . |
| 245 ## - TITLE STATEMENT | |
| Title | Michelson and the speed of light / |
| 250 ## - EDITION STATEMENT | |
| Edition statement | 1 / |
| 260 ## - PUBLICATION, DISTRIBUTION, ETC. (IMPRINT) | |
| Place of publication | Mumbai : |
| Name of publisher | Vakils, Jeffer and Simon Pvt Ltd , |
| Year of publication | 1965. |
| 300 ## - PHYSICAL DESCRIPTION | |
| Number of Pages | 197 ; . |
| 942 ## - ADDED ENTRY ELEMENTS (KOHA) | |
| Koha item type | Books |
| Withdrawn status | Lost status | Damaged status | Home library | Current library | Date acquired | Full call number | Accession Number | Koha item type |
|---|---|---|---|---|---|---|---|---|
| KAUAET | KAUAET | 07/04/2012 | 535.24 JAF/MI | 9943 | Books | |||
| KAUAET | KAUAET | 07/04/2012 | 535.24 | 520 | Books |
